00000000nam##2200000za#4500
0019.523592
003CaOODSP
00520200327093224
007ta
008150406|1994||||xxc|||||     f|0| 0 eng|d
020 |a0-662-60198-X|z0-662-21396-3
040 |aCaOODSP|beng
041 |aeng
041 |afre
043 |an-cn---
0861 |aSC94-47/1994
1101 |aCanada.|bCanadian Centre for Management Development.
24510|aContinuous learning : |ba CCMD report / |cPrepared by the Steering Group on Continuous Learning, Human Resources Development Council, Treasury Board.
260 |aOttawa - Ontario : |bCanadian Centre for Management Development |c1994.
300 |aEnglish text, 61p. : |breferences ; |c28 cm.
4901 |aCCMD report|vNo. 1
546 |aBilingual
563 |aSoftcover
590 |a94-27|b1994-07-08
69007|aTraining|2gcpds
69007|aPublic service|2gcpds
7760#|tContinuous learning : |w(CaOODSP)9.573352
7760#|tL'apprentissage permanent : |w(CaOODSP)9.603532
792 |tL'apprentissage permanent : |efre|w(CaOODSP)9.523593
830#0|aCCMD report ;|vNo. 1|w(CaOODSP)9.509630